000
00333pab a2200157 454500
008
180718b2008 xxu||||| |||| 00| 0 eng d
100
_a
Sawant, P.B.
245
_a
Do we have democracy?
260
_c
2008
300
_a
p.6-7.
362
_a
8 Feb
650
_a
Democracy
773
_a
Mainstream
908
_a
N
909
_a
77352
999
_c
77352
_d
77352